Základná finančná kontrola - časté otázky samosprávy v praxi
Základná finančná kontrola v územnej samospráve v súlade s ustanoveniami § 7 zákona č. 357/2015 Z.z. o finančnej kontrole a audite. Náležitosti základnej finančnej kontroly a prezentovanie zákonného spôsobu overovania častých finančných operácií alebo jej častí. Vzory realizovania základnej finančne...
Salvato in:
| Autore principale: | |
|---|---|
| Natura: | Capitolo di libro |
| Lingua: | slovacco |
| Soggetti: | |
| Tags: |
Nessun Tag, puoi essere il primo ad aggiungerne!!
|
MARC
| LEADER | 00000naa a2200000 4500 | ||
|---|---|---|---|
| 001 | 0265049 | ||
| 005 | 20200629151047.8 | ||
| 041 | 0 | |a slo | |
| 044 | |a SK | ||
| 245 | 1 | 0 | |a Základná finančná kontrola - časté otázky samosprávy v praxi |c Jozef Sýkora |
| 520 | |a Základná finančná kontrola v územnej samospráve v súlade s ustanoveniami § 7 zákona č. 357/2015 Z.z. o finančnej kontrole a audite. Náležitosti základnej finančnej kontroly a prezentovanie zákonného spôsobu overovania častých finančných operácií alebo jej častí. Vzory realizovania základnej finančnej kontroly v prostredí obcí, či škôl alebo zariadení v otázkach a odpovediach. | ||
| 610 | 2 | 0 | |a kontrola finančná |
| 610 | 2 | 0 | |a operácie účtovné |
| 610 | 2 | 0 | |a samospráva |
| 610 | 2 | 0 | |a audit |
| 100 | 1 | |a Sýkora, Jozef | |